Reengineering in der Krise wie können Umstrukturierungen doch noch erfolgreich gestaltet werden?
Enregistré dans:
| Autres auteurs: | |
|---|---|
| Format: | Livre |
| Langue: | allemand |
| Publié: |
Bern
InnoVatio Verlag
1997
|
| Sujets: | |
| Tags: |
Pas de tags, Soyez le premier à ajouter un tag!
|
MARC
| LEADER | 00000nam a2200000 4500 | ||
|---|---|---|---|
| 001 | c129739 | ||
| 005 | 20221124074914.2 | ||
| 020 | |a 3-906501-22-1 | ||
| 041 | 0 | |a ger | |
| 044 | |a CH | ||
| 245 | 1 | 0 | |a Reengineering in der Krise |b wie können Umstrukturierungen doch noch erfolgreich gestaltet werden? |c Hrsg. Alessandra Rossi |
| 264 | 1 | |a Bern |b InnoVatio Verlag |c 1997 | |
| 300 | |a 250 s. | ||
| 610 | 2 | 0 | |a reengineering |
| 610 | 2 | 0 | |a kríza |
| 610 | 2 | 0 | |a reorganizácia |
| 610 | 2 | 0 | |a podnik |
| 610 | 2 | 0 | |a manažment |
| 610 | 2 | 0 | |a kvalita |
| 610 | 2 | 0 | |a technológie informačné |
| 610 | 2 | 0 | |a obchod |
| 610 | 2 | 0 | |a využitie počítačov |
| 610 | 2 | 0 | |a spolupracovníci |
| 610 | 2 | 0 | |a podnikanie |
| 700 | 1 | |a Rossi, Alessandra | |